Food weights and measures : (Record no. 3723)

MARC details
000 -LEADER
fixed length control field 00751nam a22002057a 4500
003 - CONTROL NUMBER IDENTIFIER
control field OSt
005 - DATE AND TIME OF LATEST TRANSACTION
control field 20250717011738.0
008 - FIXED-LENGTH DATA ELEMENTS--GENERAL INFORMATION
fixed length control field 250717b |||||||| |||| 00| 0 eng d
020 ## - INTERNATIONAL STANDARD BOOK NUMBER
International Standard Book Number 978-621-95080-4-9.
040 ## - CATALOGING SOURCE
Original cataloging agency DWCL - Main lib
Transcribing agency OC
082 ## - DEWEY DECIMAL CLASSIFICATION NUMBER
Classification number Fil. 641.5 A657p 2015
100 ## - MAIN ENTRY--PERSONAL NAME
Personal name Aquino, Ma. Christina G.
245 ## - TITLE STATEMENT
Title Food weights and measures :
Remainder of title a reference tool for product development, recipe costing and nutrient analysis
Statement of responsibility, etc. Ma. Christina G. Aquino
260 ## - PUBLICATION, DISTRIBUTION, ETC.
Place of publication, distribution, etc. Intramuros, Manila :
Name of publisher, distributor, etc. Mindshapers Co., Inc.
300 ## - PHYSICAL DESCRIPTION
Extent xvi, 161 pages :
Other physical details illustrations ;
Dimensions 23 cm
504 ## - BIBLIOGRAPHY, ETC. NOTE
Bibliography, etc. note Includes bibliographical references and index.
650 ## - SUBJECT ADDED ENTRY--TOPICAL TERM
Topical term or geographic name entry element 1. Quantity cooking.
700 ## - ADDED ENTRY--PERSONAL NAME
Personal name Janine P. Siggaoat
942 ## - ADDED ENTRY ELEMENTS (KOHA)
Source of classification or shelving scheme Dewey Decimal Classification
Koha item type Book-Filipiniana
Call number prefix Fil.
Suppress in OPAC No
952 ## - LOCATION AND ITEM INFORMATION (KOHA)
--
Holdings
Withdrawn status Lost status Source of classification or shelving scheme Damaged status Not for loan Home library Current library Shelving location Date acquired Source of acquisition Cost, normal purchase price Total Checkouts Full call number Barcode Date last seen Copy number Price effective from Koha item type Uniform Resource Identifier
    Dewey Decimal Classification     College Library HM & Nursing Library Filipiniana 04/27/2017 School Fund 645.00   Fil. 641.5 A657p 2015 51485 07/17/2025 c1 07/17/2025 BK - FIL